Best-Selling Ice Cream Brands - Statistics

General Stats
  • This quiz has been taken 149 times
  • The average score is 3 of 15
Answer Stats
2015 Global Sales Ice Cream Brand # % Correct
1.232 Billion Ben & Jerry's 4
78%
960 Million Breyers 5
43%
723 Million Blue Bunny 8
37%
2.086 Billion Häagen-Dazs 2
35%
2.540 Billion Magnum 1
31%
773 Million Dreyer's/Edy's 7
28%
449 Million Nestlé 12
26%
652 Million Klondike 9
13%
1.595 Billion Cornetto 3
12%
827 Million Carte d'Or 6
9%
616 Million Drumstick 10
6%
432 Million Popsicle 15
5%
434 Million Meiji 14
3%
436 Million Outshine 13
3%
575 Million Mihan 11
2%
No matching quizzes found
Score Distribution
Percent of People with Each Score
Percentile by Number Answered
Your Score History
You have not taken this quiz